LIBRARY & INFORMATION CENTRE, KCAET, TAVANUR

ONLINE PUBLIC ACCESS CATALOGUE (OPAC)

Dairy plant management / (Record no. 15438)

MARC details
000 -LEADER
fixed length control field 00303nam a22001217a 4500
020 ## - INTERNATIONAL STANDARD BOOK NUMBER
ISBN 9789381450864
082 ## - DEWEY DECIMAL CLASSIFICATION NUMBER
Classification number 637.14
Item number PUR/DA
100 ## - MAIN ENTRY--AUTHOR NAME
Personal name Puranik , D B.
245 ## - TITLE STATEMENT
Title Dairy plant management /
260 ## - PUBLICATION, DISTRIBUTION, ETC. (IMPRINT)
Place of publication New delhi ;
Name of publisher New india publishing agency ,
Year of publication 2014.
300 ## - PHYSICAL DESCRIPTION
Number of Pages 272 ; .
942 ## - ADDED ENTRY ELEMENTS (KOHA)
Koha item type Books
Holdings
Withdrawn status Lost status Damaged status Home library Current library Date acquired Cost, normal purchase price Full call number Accession Number Koha item type
      KAUAET KAUAET 04/06/2018 1250.00 637.14 PUR/DA 25731 Books
free website counter